[Event "Skopje op"]
[Site "Skopje"]
[Date "2023.12.07"]
[Round "2"]
[White "Engin, Onur Cinar"]
[Black "Kesidis, Odyseas"]
[Result "0-1"]
[WhiteElo "2092"]
[BlackElo "2282"]
[PlyCount "120"]
[EventDate "2023.12.06"]
[EventType "swiss"]
[EventRounds "9"]
[EventCountry "MKD"]
[SourceTitle "CB50_2023"]
[SourceDate "2023.12.13"]
[SourceVersion "1"]
[SourceVersionDate "2023.12.13"]
[SourceQuality "1"]

1. e4 c5 2. c3 Nf6 3. e5 Nd5 4. d4 cxd4 5. cxd4 Nc6 6. Nf3 d6 7. Bc4 Nb6 8. Bb3 e6 9. exd6 Bxd6 10. Nc3 0-0 11. 0-0 Nb4 12. Re1 N4d5 13. Qd3 Nf4 14. Bxf4 Bxf4 15. Bc2 g6 16. Ne5 Nd5 17. Qf3 Nxc3 18. bxc3 Bh6 19. Be4 Qc7 20. Rab1 Rb8 21. Qg3 Kg7 22. Red1 f6 23. Nd3 Qxg3 24. hxg3 b6 25. Nc5 Rd8 26. c4 e5 27. d5 f5 28. Bc2 Kf6 29. Ba4 Bf8 30. Nd3 Ba6 31. Bb3 Rbc8 32. Rbc1 Rc7 33. f4 e4 34. Ne5 g5 35. Kf2 Bc5+ 36. Ke2 gxf4 37. gxf4 Rg7 38. g4 fxg4 39. Nc6 Rh8 40. d6 Bb7 41. Ba4 Rd7 42. Na5 Rg7 43. Nxb7 Rxb7 44. Bc6 Rg7 45. d7 Rd8 46. Bxe4 Re7 47. Kd3 Rdxd7+ 48. Bd5 Re3+ 49. Kd2 Rde7 50. Kc2 Re2+ 51. Kb3 g3 52. Rc2 R7e3+ 53. Kb2 h5 54. Bg2 h4 55. Bf1 Rxc2+ 56. Kxc2 Rf3 57. Bh3 Rxf4 58. Rf1 Kg5 59. Rxf4 Kxf4 60. Kd3 Kf3 0-1

[Event "Skopje op"]
[Site "Skopje"]
[Date "2023.12.06"]
[Round "1"]
[White "Nikolovski, David"]
[Black "Engin, Onur Cinar"]
[Result "0-1"]
[WhiteElo "1889"]
[BlackElo "2092"]
[PlyCount "34"]
[EventDate "2023.12.06"]
[EventType "swiss"]
[EventRounds "9"]
[EventCountry "MKD"]
[SourceTitle "CB50_2023"]
[SourceDate "2023.12.13"]
[SourceVersion "1"]
[SourceVersionDate "2023.12.13"]
[SourceQuality "1"]

1. d4 d5 2. Nc3 Nf6 3. Bf4 c5 4. e3 cxd4 5. exd4 a6 6. Nf3 Nc6 7. Ne5 Qb6 8. Na4 Qa5+ 9. c3 Nxe5 10. dxe5 Bd7 11. exf6 Bxa4 12. fxg7 Bxg7 13. Qd2 Bb5 14. Bxb5+ Qxb5 15. Qe2 d4 16. cxd4 Bxd4 17. Rb1 Qf5 0-1

[Event "TUR-chT 2nd League"]
[Site "Denizli"]
[Date "2023.07.10"]
[Round "2.71"]
[White "Cakiroglu, Metin"]
[Black "Engin, Onur Cinar"]
[Result "0-1"]
[WhiteElo "2000"]
[BlackElo "2180"]
[PlyCount "56"]
[EventDate "2023.07.09"]
[EventType "team-swiss"]
[EventRounds "9"]
[EventCountry "TUR"]
[SourceTitle "CBM 215 Extra"]
[Source "ChessBase"]
[SourceDate "2023.09.30"]
[SourceVersion "1"]
[SourceVersionDate "2023.09.30"]
[SourceQuality "1"]
[WhiteTeam "Cesme Belediye"]
[BlackTeam "Ankara Genclik"]
[WhiteTeamCountry "TUR"]
[BlackTeamCountry "TUR"]

1. e4 c6 2. Nc3 d5 3. Nf3 dxe4 4. Nxe4 Nf6 5. Qe2 Nxe4 6. Qxe4 Nd7 7. Bc4 Nf6 8. Ne5 e6 9. Qe2 b5 10. Bb3 Qc7 11. d4 Bd6 12. 0-0 0-0 13. Bf4 a5 14. c3 a4 15. Bc2 c5 16. dxc5 Qxc5 17. Rad1 Nd5 18. Bg3 a3 19. Rd4 f5 20. Nd3 Qc7 21. Bxd6 Qxd6 22. Nb4 axb2 23. Nxd5 exd5 24. Rxd5 Qc6 25. Bb3 Be6 26. Qd2 Rfe8 27. Rd6 Qxd6 28. Qxd6 Bxb3 0-1

[Event "TUR-ch U20"]
[Site "Samsun"]
[Date "2023.05.24"]
[Round "8"]
[White "Angun, Batu"]
[Black "Engin, Onur Cinar"]
[Result "1-0"]
[WhiteElo "2205"]
[BlackElo "1922"]
[PlyCount "93"]
[EventDate "2023.05.19"]
[EventType "swiss"]
[EventRounds "9"]
[EventCountry "TUR"]
[SourceTitle "CBM 214 Extra"]
[Source "ChessBase"]
[SourceDate "2023.07.31"]
[SourceVersion "1"]
[SourceVersionDate "2023.07.31"]
[SourceQuality "1"]

1. d4 d5 2. c4 c6 3. Nf3 Nf6 4. Nc3 e6 5. e3 Nbd7 6. Qc2 Bd6 7. Bd3 0-0 8. 0-0 dxc4 9. Bxc4 a6 10. a4 c5 11. dxc5 Bxc5 12. Rd1 Qc7 13. b3 b6 14. Bb2 Bb7 15. Qe2 Ng4 16. h3 Nge5 17. Rac1 Nxf3+ 18. gxf3 Ne5 19. Ne4 Rad8 20. Rxd8 Rxd8 21. b4 Bxb4 22. Bd5 Qd7 23. Bxb7 Nd3 24. Rc8 Nxb2 25. Rxd8+ Qxd8 26. Qxb2 Qd1+ 27. Kg2 Qxa4 28. Bxa6 Qxa6 29. Qxb4 Qb7 30. Qb5 g6 31. Nd6 Qc7 32. Nc4 Qc5 33. Qxc5 bxc5 34. f4 f5 35. Kf3 Kg7 36. Ke2 Kf6 37. Ne5 g5 38. Nd7+ Kg6 39. Nxc5 gxf4 40. exf4 Kf6 41. Ke3 Ke7 42. Kd4 Kd6 43. Nd3 h6 44. f3 h5 45. h4 Ke7 46. Ke5 Kf7 47. Nc5 1-0

[Event "TUR-ch U13/18"]
[Site "Antalya"]
[Date "2023.01.23"]
[Round "2"]
[White "Koseoglu, Omer Umut"]
[Black "Engin, Onur Cinar"]
[Result "1/2-1/2"]
[WhiteElo "1601"]
[BlackElo "1990"]
[PlyCount "70"]
[EventDate "2023.01.17"]
[EventType "swiss"]
[EventRounds "10"]
[EventCountry "TUR"]
[SourceTitle "EXT 2024"]
[Source "ChessBase"]
[SourceDate "2023.10.10"]
[SourceVersion "1"]
[SourceVersionDate "2023.10.10"]
[SourceQuality "1"]

1. d4 e6 2. c4 Nf6 3. Nc3 Bb4 4. Qc2 c5 5. a3 Bxc3+ 6. bxc3 Nc6 7. Nf3 d6 8. e4 e5 9. d5 Na5 10. Bg5 b6 11. Bd3 h6 12. Bh4 Rg8 13. Bxf6 Qxf6 14. Nd2 g5 15. Nf1 Kd8 16. Ne3 Kc7 17. Qe2 Bd7 18. Rb1 h5 19. Kd2 g4 20. g3 Qg5 21. f4 exf4 22. gxf4 Qxf4 23. Rhf1 Qe5 24. Rxf7 Raf8 25. Rbf1 Rxf7 26. Rxf7 Rg7 27. Rxg7 Qxg7 28. Qf2 Qe5 29. Qg3 Qg5 30. h4 Qf6 31. Nf5 Nb7 32. Qf4 Bxf5 33. exf5 Nd8 34. Qg5 Qe5 35. f6 Qh2+ 1/2-1/2

[Event "TUR-chT 2nd League"]
[Site "Konya"]
[Date "2022.08.25"]
[Round "6.6"]
[White "Engin, Onur Cinar"]
[Black "Bakan, Furkan"]
[Result "1/2-1/2"]
[WhiteElo "1804"]
[BlackElo "1639"]
[PlyCount "141"]
[EventDate "2022.08.22"]
[EventType "team-swiss"]
[EventRounds "9"]
[EventCountry "TUR"]
[SourceTitle "CBM 210 Extra"]
[Source "ChessBase"]
[SourceDate "2022.11.30"]
[SourceVersion "1"]
[SourceVersionDate "2022.11.30"]
[SourceQuality "1"]
[WhiteTeam "Ankara DSI Genclik"]
[BlackTeam "Duzce AS"]
[WhiteTeamCountry "TUR"]
[BlackTeamCountry "TUR"]

1. e4 g6 2. d4 d6 3. Nf3 Bg7 4. Bd3 c6 5. Nbd2 Nd7 6. 0-0 e5 7. dxe5 dxe5 8. Nc4 Qc7 9. Be2 Ngf6 10. Nd6+ Ke7 11. Nxc8+ Raxc8 12. b3 Nxe4 13. Ba3+ c5 14. Bd3 Nef6 15. Re1 Rhe8 16. Bc4 Kf8 17. Bb2 Re7 18. Qc1 h6 19. Qe3 Ng4 20. Qd2 e4 21. Bxg7+ Kxg7 22. Qc3+ Ndf6 23. h3 Ne5 24. Nxe5 Qxe5 25. Qxe5 Rxe5 26. Rad1 Rce8 27. Rd6 R8e7 28. a4 e3 29. Rxe3 Rxe3 30. fxe3 Rxe3 31. a5 Re1+ 32. Kh2 Re7 33. a6 bxa6 34. Rc6 Nd7 35. Rc7 Kf8 36. Rxa7 Nb6 37. Rxe7 Kxe7 38. Bxa6 Kd6 39. Kg3 Ke5 40. c3 Nd5 41. Bc4 Nxc3 42. Bxf7 Ne4+ 43. Kh4 Kf5 44. g4+ Kf6 45. Bd5 g5+ 46. Kh5 Nc3 47. Bf3 Kg7 48. h4 gxh4 49. Kxh4 Nb5 50. g5 Nd4 51. Bd5 Kg6 52. gxh6 Nf5+ 53. Kh3 Nxh6 54. Kg3 Kf5 55. Kf3 Ke5 56. Bc4 Nf5 57. Ke2 Kd4 58. Kd2 Nd6 59. Bg8 Ne4+ 60. Kc2 Nf6 61. Bf7 Ng4 62. Bg8 Ne3+ 63. Kd2 Nf1+ 64. Kc2 Ne3+ 65. Kd2 Nf5 66. Kc2 Nd6 67. Kd2 Nb5 68. Kc2 Nc3 69. Bf7 Na2 70. Bg8 Nb4+ 71. Kd2 1/2-1/2

[Event "TUR-chT 2nd League"]
[Site "Konya"]
[Date "2022.08.24"]
[Round "4.6"]
[White "Isik, Kadri"]
[Black "Engin, Onur Cinar"]
[Result "0-1"]
[WhiteElo "1801"]
[BlackElo "1804"]
[PlyCount "72"]
[EventDate "2022.08.22"]
[EventType "team-swiss"]
[EventRounds "9"]
[EventCountry "TUR"]
[SourceTitle "CBM 210 Extra"]
[Source "ChessBase"]
[SourceDate "2022.11.30"]
[SourceVersion "1"]
[SourceVersionDate "2022.11.30"]
[SourceQuality "1"]
[WhiteTeam "Gaziantep Sader"]
[BlackTeam "Ankara DSI Genclik"]
[WhiteTeamCountry "TUR"]
[BlackTeamCountry "TUR"]

1. d4 d5 2. Nf3 Nf6 3. g3 g6 4. Bg2 Bg7 5. 0-0 0-0 6. c4 c6 7. Nc3 dxc4 8. a4 Nd5 9. a5 Bg4 10. Qa4 e5 11. Nxe5 Nxc3 12. bxc3 Bxe5 13. dxe5 Bxe2 14. Re1 Bd3 15. Rf1 Be2 16. Re1 Bd3 17. Bh3 Re8 18. Ba3 Na6 19. e6 f5 20. e7 Qd7 21. Bg2 Nc7 22. Re5 Nb5 23. Bb4 Qc7 24. Rxb5 cxb5 25. Bd5+ Kg7 26. Qxb5 a6 27. Qxb7 Qxb7 28. Bxb7 Ra7 29. Bc6 Rexe7 30. Bxe7 Rxe7 31. Ra4 Re1+ 32. Kg2 Rc1 33. Bb7 Bf1+ 34. Kf3 Rxc3+ 35. Kf4 Kf6 36. h4 h6 0-1

[Event "TUR-chT 2nd League"]
[Site "Konya"]
[Date "2022.08.23"]
[Round "2.12"]
[White "Abdullahoglu, Diren Can"]
[Black "Engin, Onur Cinar"]
[Result "1/2-1/2"]
[WhiteElo "1868"]
[BlackElo "1804"]
[PlyCount "37"]
[EventDate "2022.08.22"]
[EventType "team-swiss"]
[EventRounds "9"]
[EventCountry "TUR"]
[SourceTitle "CBM 210 Extra"]
[Source "ChessBase"]
[SourceDate "2022.11.30"]
[SourceVersion "1"]
[SourceVersionDate "2022.11.30"]
[SourceQuality "1"]
[WhiteTeam "Karaman Tabduk Emre"]
[BlackTeam "Ankara DSI Genclik"]
[WhiteTeamCountry "TUR"]
[BlackTeamCountry "TUR"]

1. d4 d5 2. Nf3 Nf6 3. c4 dxc4 4. Nc3 c5 5. e3 cxd4 6. exd4 e6 7. Bxc4 Be7 8. 0-0 Nc6 9. d5 exd5 10. Nxd5 Nxd5 11. Bxd5 0-0 12. h3 Bf5 13. Bxc6 bxc6 14. Qa4 Rb8 15. Qxa7 Bf6 16. Bf4 Rxb2 17. Be5 Be4 18. Rfe1 Bd5 19. Qd4 1/2-1/2

[Event "TUR-chT 2nd League"]
[Site "Konya"]
[Date "2022.08.23"]
[Round "3.11"]
[White "Engin, Onur Cinar"]
[Black "Sungu, Yagiz Kaan"]
[Result "1-0"]
[WhiteElo "1804"]
[BlackElo "1679"]
[PlyCount "57"]
[EventDate "2022.08.22"]
[EventType "team-swiss"]
[EventRounds "9"]
[EventCountry "TUR"]
[SourceTitle "CBM 210 Extra"]
[Source "ChessBase"]
[SourceDate "2022.11.30"]
[SourceVersion "1"]
[SourceVersionDate "2022.11.30"]
[SourceQuality "1"]
[WhiteTeam "Ankara DSI Genclik"]
[BlackTeam "Calli Spor"]
[WhiteTeamCountry "TUR"]
[BlackTeamCountry "TUR"]

1. e4 c5 2. c3 d5 3. exd5 Qxd5 4. d4 Nc6 5. Nf3 Bg4 6. Be2 cxd4 7. cxd4 e6 8. Nc3 Qa5 9. d5 0-0-0 10. 0-0 exd5 11. Nd4 Bxe2 12. Ncxe2 Nf6 13. Be3 Ng4 14. Bf4 Bd6 15. Nxc6 bxc6 16. Nd4 h5 17. Nxc6 Qb6 18. Qa4 Bxf4 19. Qxf4 Rd7 20. Rac1 Kb7 21. b4 Re8 22. h3 Nf6 23. a4 Ka8 24. a5 Qc7 25. Qd4 Re4 26. Qd3 Rd6 27. b5 Nd7 28. b6 axb6 29. Qa6+ 1-0

[Event "TUR-chT 2nd League"]
[Site "Konya"]
[Date "2022.08.22"]
[Round "1.1"]
[White "Daghan, Devran"]
[Black "Engin, Onur Cinar"]
[Result "1/2-1/2"]
[WhiteElo "1999"]
[BlackElo "1804"]
[PlyCount "125"]
[EventDate "2022.08.22"]
[EventType "team-swiss"]
[EventRounds "9"]
[EventCountry "TUR"]
[SourceTitle "CBM 210 Extra"]
[Source "ChessBase"]
[SourceDate "2022.11.30"]
[SourceVersion "1"]
[SourceVersionDate "2022.11.30"]
[SourceQuality "1"]
[WhiteTeam "Guzelbahce Altyapi"]
[BlackTeam "Ankara DSI Genclik"]
[WhiteTeamCountry "TUR"]
[BlackTeamCountry "TUR"]

1. Nf3 d5 2. b3 Nf6 3. Bb2 g6 4. g3 Bg7 5. Bg2 c6 6. 0-0 0-0 7. c4 Nbd7 8. d3 Re8 9. Qc2 e5 10. cxd5 cxd5 11. Rc1 Re6 12. Qd2 Qe8 13. e3 Rc6 14. Nc3 b6 15. Nb5 Nc5 16. Nxe5 Nxb3 17. axb3 Rxc1+ 18. Rxc1 Qxb5 19. Nc6 Bb7 20. Nd4 Qd7 21. b4 Ne8 22. h4 Nd6 23. Kh2 Rc8 24. Ra1 a6 25. Bh3 f5 26. Bg2 Qe7 27. Rc1 Qd7 28. Rxc8+ Qxc8 29. Qd1 Nf7 30. Qb3 Qd7 31. Kg1 h6 32. Bh3 h5 33. Bg2 Ne5 34. Ne2 Qb5 35. Nf4 Kh7 36. Nxd5 Qxd3 37. Qxd3 Nxd3 38. Bxg7 Kxg7 39. Nxb6 Bxg2 40. Kxg2 Nxb4 41. Kf3 Kf6 42. e4 fxe4+ 43. Kxe4 Ke6 44. f3 Nc6 45. g4 hxg4 46. fxg4 a5 47. Kf4 Kf6 48. Nd5+ Kg7 49. Nc3 Kf6 50. Ne4+ Kg7 51. Nc5 Kf6 52. Ke4 Ne7 53. Kd4 Nc6+ 54. Kd5 Ne7+ 55. Kd6 Nf5+ 56. gxf5 Kxf5 57. Ke7 Kg4 58. Kf6 Kxh4 59. Kxg6 Kg4 60. Kf6 Kf4 61. Ke6 Ke3 62. Kd5 a4 63. Nxa4 1/2-1/2